000 00385nam a2200145Ia 4500
008 230917s9999||||xx |||||||||||||| ||und||
040 _e108983
_aMAIN
041 _aEnglish
082 _a297.72 R183J
100 _aRashid, Ahmed
245 0 _aJihad: the rise of militant Islam in central Asia
260 _aNew Delhi
_bOrient Longman
_c2002
300 _axiv p. + 281p
942 _cBK
999 _c121252
_d121252